Verejný sektor a vzdelávanie
Vzdelávanie ako oblasť verejného sektora. Funkcie verejného sektora a vzdelávanie. Subjekty verejného sektora a zabezpečovanie vzdelávania. Výdavky verejného sektora a vzdelávanie.
Saved in:
| Main Author: | |
|---|---|
| Other Authors: | |
| Format: | Book Chapter |
| Language: | Slovak |
| Subjects: | |
| Tags: |
No Tags, Be the first to tag this record!
|
MARC
| LEADER | 00000naa a2200000 4500 | ||
|---|---|---|---|
| 001 | r037674 | ||
| 005 | 20230918080424.0 | ||
| 041 | 0 | |a slo | |
| 044 | |a SK | ||
| 245 | 1 | 0 | |a Verejný sektor a vzdelávanie |c Judita Táncošová, Kajetana Hontyová |
| 520 | |a Vzdelávanie ako oblasť verejného sektora. Funkcie verejného sektora a vzdelávanie. Subjekty verejného sektora a zabezpečovanie vzdelávania. Výdavky verejného sektora a vzdelávanie. | ||
| 610 | 2 | 0 | |a sektor verejný |
| 610 | 2 | 0 | |a vzdelávanie |
| 610 | 2 | 0 | |a výdavky verejné |
| 610 | 2 | 0 | |a náklady na vzdelanie |
| 610 | 2 | 0 | |a školstvo |
| 610 | 2 | 0 | |a Slovensko |
| 100 | 1 | |a Táncošová, Judita | |
| 700 | 1 | |a Hontyová, Kajetána | |